000 00238nam a2200109 4500
999 _c4958
_d4958
082 _a428ZAH
100 _aZahid Hussain
245 _aWho is Who & What is What
260 _aLahore:
_bJahangir Sons,
_c2013.
300 _a734p. ;
942 _cBK